000 00288nam a22001337a 4500
003 SGT
082 _a347.013 095 4,MOH
100 _aMOHAN, ARUN
245 _aJUSTICE COURTS AND DELAYS
260 _aNEW DELHI
_bUNIVERSAL
_c2009
300 _a992
650 _aLAW BOOKS
942 _2ddc
_cBK
999 _c10295
_d10295